Риск - менеджмент: учебное пособие

Dades bibliogràfiques
Autor principal: Балдин К. В. Константин Васильевич
Altres autors: Воробьев С. Н. Сергей Николаевич
Sumari:В учебном пособии освещаются понятие и трансформация понятия риска в предпринимательстве, а также виды, источники и классификация рисков в экономике по видам деятельности. Рассмотрены задача выбора стратегии и тактики управления рисками и методы решения задачи идентификации и прогнозироваия рисков. Достаточно подробно изложены методы управления стохастическими, природными и поведенческими рисками. Для студентов высших учебных заведений, обучающихся по экономическим специальностям.
Idioma:rus
Publicat: Москва, Гардарики, 2005
Col·lecció:Disciplinae
Matèries:
Format: MixedMaterials Llibre
KOHA link:https://koha.lib.tpu.ru/cgi-bin/koha/opac-detail.pl?biblionumber=98825

MARC

LEADER 00000nam0a2200000 4500
001 98825
005 20231031111435.0
010 |a 582970238X 
035 |a (RuTPU)RU\TPU\book\105965 
090 |a 98825 
100 |a 20060622d2005 m y0rusy50 ca 
101 0 |a rus 
102 |a RU 
105 |a a j 001zy 
200 1 |a Риск - менеджмент  |e учебное пособие  |f К. В. Балдин, С. Н. Воробьев 
210 |a Москва  |c Гардарики  |d 2005 
215 |a 285 с.  |c ил 
225 1 |a Disciplinae 
320 |a Библиогр.: с. 279-282. 
330 |a В учебном пособии освещаются понятие и трансформация понятия риска в предпринимательстве, а также виды, источники и классификация рисков в экономике по видам деятельности. Рассмотрены задача выбора стратегии и тактики управления рисками и методы решения задачи идентификации и прогнозироваия рисков. Достаточно подробно изложены методы управления стохастическими, природными и поведенческими рисками. Для студентов высших учебных заведений, обучающихся по экономическим специальностям. 
610 1 |a экономика 
610 1 |a управление 
610 1 |a менеджмент 
610 1 |a риск-менеджмент 
610 1 |a риск-анализ 
610 1 |a классификации 
610 1 |a стратегический менеджмент 
610 1 |a прогнозирование 
610 1 |a анализ 
610 1 |a стохастические риски 
610 1 |a природные риски 
610 1 |a учебные пособия 
686 |a У9(2)212я73  |v LBC/SL-A  |2 rubbk 
700 1 |a Балдин  |b К. В.  |g Константин Васильевич 
701 1 |a Воробьев  |b С. Н.  |g Сергей Николаевич 
801 1 |a RU  |b 63413507  |c 20060622  |g PSBO 
801 2 |a RU  |b 63413507  |c 20121008  |g PSBO 
900 |a Риск-менеджмент 
900 |a Менеджмент 
942 |c BK 
951 |b 080100  |b 080502  |b 080500 
959 |a 57/20060619  |d 1  |e 219,01  |f ЧЗГЛ:1